000 00232 a2200097 4500
001 33056
100 _aGentle,R
245 _aMechanical Engineering Systems
260 _aBoston
_bButterworth/Heinemann
_c2002
090 _c22186
_d22186
942 _aNUST-CAE
_cM
_c13543
999 _c268129
_d268129